Conducción de automóviles.

Gespeichert in:
Bibliographische Detailangaben
1. Verfasser: MEC-Dirección General de Enseñanza Primaria. Autoría
Format: keine Angabe
Sprache:Spanisch
Erschienen: Madrid Nutesa, S.A. 1967
Katalog:MANES:  Suchergebnis im Bibliothekskatalog
Schulbuchspezifische Eigenschaften:
Schriftenreihe:Cartilla de Formación Profesional
Tags: Tag hinzufügen
Keine Tags, Fügen Sie den ersten Tag hinzu!
Hinzugefügt zu:26.04.2016
Geändert in:07.05.2025

MARC

LEADER 000000000a22000000004500
001 08065
003 OSt
005 20250507133326.0
008 160427s sp ||||| |||| 00| 0 spa d
040 |c centro_manes 
041 1 |a spa 
561 |5 es-CICE  |a España. Centro Internacional de la Cultura Escolar  |k MANES 
691 0 |a FP 
100 1 |a MEC-Dirección General de Enseñanza Primaria. Autoría  |9 3845 
245 0 0 |a Conducción de automóviles. 
260 3 |a Madrid  |b Nutesa, S.A.  |c 1967 
300 |a 32 p.  |c 24 x 17 cm 
440 |a Cartilla de Formación Profesional  |9 3985 
942 |2 ddc  |c BK 
546 |a España 
999 |c 14039  |d 14039 
999 |c manes:14039  |d 14039